Quizzes
Events
Quiz Creation
Community
Videos
Private Events
Remove Ads
Sign In
Join for FREE
Feedback
Dark Mode
Quiz Categories
Sports
Geography
Music
Movies
Television
Just For Fun
Miscellaneous
History
Literature
Language
Science
Gaming
Entertainment
Religion
Holiday
For Kids
Quiz Lab
Recent
Popular Today
Quiz Kudos Today
Editor Picks
Curator Picks
Quizzes by...
Day
Popularity
Type
Ratings
Length
Year
Community
Subscriptions
Recent Discussions
Orange Saloon
Badges
Playlists
Quests
Create
Leaderboards
Showdown
Live 5
Trivia Bingo
Activity
Puzzle Library
Sporcle Events
Private Events
Virtual Trivia
Globe League
Become a Host
Pub Owners
SporcleCon
Opinionation
Our Games
Videos
Blog
Mobile Apps
Partnerships
Remove Ads and Go Orange
Feedback
Science
Computer
Plants
Astronomy
Chemistry
Elements
Math
Animal
Physics
Anatomy
Biology
Geology
General Science
Science
Computer
Plants
Astronomy
Chemistry
Elements
Math
Animal
Physics
Anatomy
Biology
Geology
General Science
Random Quiz
Search Sporcle
×
Quiz Lab
Quiz Lab
Science
State
Type in answers that appear in a list
Type in answers that appear in a list
Classic
Best Score? Go Orange.
NRC Northeast Nuclear Power Plants Stats
Can you name the NRC Northeast Nuclear Power Plants?
By
wojo102290
5m
17 Questions
19 Plays
19 Plays
19 Plays
Comments
Comments
Give Quiz Kudos
Give Quiz Kudos
-
- Ratings
hide this ad
Random Order
Randomize order of answers
Randomize order of answers
Replay
Link that replays current quiz
Next Quiz
Link to next quiz in quiz playlist
You Got
0%
They Got
Avg Score
54%
Avg Friend Score
Upgrade to see
Score Distribution
Jump to the score distribution portion of the page
Score
0/17
Timer
05:00
0
Plays Today
State
Plant Name
% Correct
PA
Three Mile Island
89.5%
NY
Indian Point
78.9%
NJ
Oyster
68.4%
PA
Susquehanna
68.4%
VT
Vermont Yankee
66.7%
MA
Pilgrim
63.2%
NJ
Salem
63.2%
NY
Fitzpatrick
63.2%
NH
Seabrook
61.1%
State
Plant Name
% Correct
PA
Limerick
57.9%
PA
Peach Bottom
57.9%
CT
Millstone
52.6%
MD
Calvert Cliffs
52.6%
NY
Nine Mile Point
47.4%
NJ
Hope Creek
21.1%
NY
Ginna
21.1%
PA
Beaver Creek
5.3%
Quiz Playlist
Details
Report
Send in Message
Add To Playlist
Classic:
Type in answers that appear in a list
Random Order:
Randomize order of answers
Last Updated: Feb 16, 2017
Quiz Scoreboard
CHALLENGE
Sign Up to Join the Scoreboard
Show All
Scores
Hide
Comments
May contain spoilers
Recently Published
Billboard Blitz: Fleetwood Mac
by CooCooCachoo
Music
15s
Presidents Visiting Landmarks
by Hejman
History
7m
An Introduction to Baseball
by treessimontrees
Sports
5m
More to Explore
Quiz From the Vault
Featured Blog Post
Where Did the Easter Bunny Come From?
hide this ad
You Might Also Like...
Tags
Plants Quiz
State Quiz
nuclear
Nuclear Power
Power
Today's Top Quizzes in Science
Browse Science
hide this ad
Today's Top Quizzes in State
Browse State
Top Contributed Quizzes in Science
1
Quick Pick: Radians
2
Quick Pick: 'CI-CJ' Animals
3
Elements In Images
4
Name the Acid, Base or Salt
5
One Thing in Common: Science
6
One Thing in Common: Science III
7
One Thing in Common: Animals
8
Science Jokes
9
One Thing in Common: Science II
10
The First 100 Digits of Pi
Explore More
Trending Topics
Crossword
Harry Potter
Kpop
Disney
Marvel
Anime
NBA
NFL
Puzzle
Country
Pokémon
Soccer
Song
WWE
The Office
hide this ad
More By:
wojo102290
Quiz
Plays
Rating
Category
Featured
Created
The Facts of Massachusetts
229
1.00
Geography
Feb 13, 2011
Boston Quiz
150
2.14
Geography
Feb 13, 2011
Facts of Cape Cod
133
2.00
Geography
Nov 7, 2012
Cities of Massachusetts
123
5.00
Geography
Dec 12, 2011
Highways of Massachusetts
106
5.00
Geography
Dec 4, 2011
Go to Creator's Profile
Score Distribution
Quiz Creator Spotlight
wojo102290
Follow
Send a Message
Quizzes Created
-
Created Quiz Play Count
-
More By This Creator
Popular Quizzes Today
1
Find the US States - No Outlines Minefield
2
Find the Countries of Europe - No Outlines Minefield
3
The Countries of the World
4
Find the US States
5
US States
6
Popular People in 1961
7
Risky Map Clicking: Biggest States A-Z
8
Movies - When Are They Set?
More Science Quizzes
Clickable Reptiles
Published
Trending Quizzes
Risky Map Clicking: Least Populous States A-Z
1-10 Letter G Words
1-10 Letter F Words
Risky Map Clicking: Next State Alphabetically
Risky Map Clicking: Biggest States A-Z
Recently Updated
Leaping Animals
pecheneg
Reality TV Shows (A-Z)
bhenderson79
Rickey Henderson's Hall of Fame Teammates
pecheneg
Champions League XIs: Arsenal
pecheneg
Quick Pick: Celebrities in WWE's Hall of Fame
aduchscher
A-Z Keypad Blitz II
pecheneg
Multiple Oscar Actors
pecheneg
Mystery Phrase Blitz: Oscar 'Best Actors'
pecheneg
F. Scott Fitzgerald Novels
LTH
Pick 3 Villains
ddd62291
Trending Topics
Crossword
Harry Potter
Marvel
Kpop
Disney
NBA
Anime
NFL
Pokémon
Soccer
The Office
WWE
Puzzle
Country
Song
Your Account Isn't Verified!
In order to create a playlist on Sporcle, you need to verify the email address you used during registration. Go to your
Sporcle Settings
to finish the process.
Report this User
Report this user for behavior that violates our
Community Guidelines
.
Details:
Send Report
Go to the Sporcle.com Mobile Site →
Comments